Souvenir de terra : de Sigrid Pérez-Obiol : 25 de juliol de 2014 (lectura) 25 de juliol de 2014 (lectura)
Descripción Física:
1 targeta postal ; il. col. ; 11 x 15 cm.
Idioma:
Catalán
MARC
| LEADER | 00000nkm a22000007a 4500 | ||
|---|---|---|---|
| 001 | 27115 | ||
| 003 | Arxiu | ||
| 005 | 20260324181146.0 | ||
| 008 | 221214b spa||||| |||| 00| 0 cat d | ||
| 017 | |a B 18320-2014 | ||
| 040 | |a agdb |b cat | ||
| 245 | |a Souvenir de terra : de Sigrid Pérez-Obiol : |b 25 de juliol de 2014 (lectura) | ||
| 260 | |a Barcelona : |b Institut del Teatre ; |c 2014 | ||
| 300 | |a 1 targeta postal ; |b il. col. ; |c 11 x 15 cm. | ||
| 490 | |a Factoria IT 13/14. Nous creadors de teatre i dansa | ||
| 500 | |a Postal promocional de la lectura dramàtica del text teatral "Souvenir de terra" realitzada el dia 25 de juliol de 2014, a l'aula S4.4 de l'Institut del Teatre. | ||
| 650 | 0 | |9 21513 |a Teatre |x Barcelona (Catalunya) | |
| 655 | 0 | |9 52685 |a Targetes postals | |
| 710 | 1 | |9 52662 |a Institut del Teatre (Barcelona, Catalunya) | |
| 942 | |2 udc |c ARXIU |n 1 | ||
| 952 | |0 0 |1 0 |2 udc |4 0 |6 NBM1641 |7 1 |9 64816 |a Arxiu |b Arxiu |d 2022-12-14 |l 0 |o NBM-16-41 |p 27115 |r 2022-12-14 00:00:00 |w 2022-12-14 |y ARXIU | ||
| 999 | |c 82823 |d 82823 | ||